00794 2200301 4500001002100000005001500021007000300036008004100039020001800080035002000098040001700118041000800135082001000143084001600153090002100169100002500190245005100215250001200266264003800278300002500316336002100341337003000362338002300392650001200415700003900427850001000466990001600476INLIS00000000000744020260602023522ta260602 0  a979-518-250-1 a0010-0822000414 aSBPUPADbind0 aind a641.2 a641.2 SUS m a641.4 ROS b 20-80 aSusmayatiePengarang1 aManisan, Minuman , Es dan Pudding /cSusmayati a.-cet.1 a.--Jakarta :bRineka Cipta,c2003 aix, 137 hlm :bilus. 2rdacontentateks 2rdamediaatanpa perantara 2rdacarrieravolume 4aMakanan0 aPengarang ke-2, AsnidarePengarang aPUPAD a14752/Br.14